The noble scholar, jurist, historian


 His Excellency Dr. Abdul Wahhab bin Ibrahim Abu Sulaiman, may Allah have mercy on him.


 He was born in Umm Al-Qura in the year 1356 AH.

البهاء زهير : (Record no. 11881)

MARC details
000 -LEADER
fixed length control field 01153cam a22002531i 4500
003 - CONTROL NUMBER IDENTIFIER
control field SA-RiAUC
005 - DATE AND TIME OF LATEST TRANSACTION
control field 20250918062033.0
008 - FIXED-LENGTH DATA ELEMENTS--GENERAL INFORMATION
fixed length control field 250916s1995 su g 000 0bara c
040 ## - CATALOGING SOURCE
Original cataloging agency SA-JeALM
Language of cataloging ara
Transcribing agency SA-RiAUC.
Description conventions rda
082 04 - DEWEY DECIMAL CLASSIFICATION NUMBER
Classification number 928.1
Assigning agency SA-RiAUC
090 ## - LOCALLY ASSIGNED LC-TYPE CALL NUMBER (OCLC); LOCAL CALL NUMBER (RLIN)
Classification number (OCLC) (R) ; Classification number, CALL (RLIN) (NR) 928.1
Local cutter number (OCLC) ; Book number/undivided call number, CALL (RLIN) ج د ع
100 1# - MAIN ENTRY--PERSONAL NAME
Personal name جدع، محمد إبراهيم،
Dates associated with a name 1331-1399 هجري
Relator term مؤلف.
245 10 - TITLE STATEMENT
Title البهاء زهير :
Remainder of title شاعر حجازي /
Statement of responsibility, etc. محمد إبراهيم جدع ؛ تقديم عبد الإله جدع
264 #1 - PRODUCTION, PUBLICATION, DISTRIBUTION, MANUFACTURE, AND COPYRIGHT NOTICE
Place of production, publication, distribution, manufacture جدة، السعودية :
Name of producer, publisher, distributor, manufacturer عبد المقصود محمد سعيد خوجة،
Date of production, publication, distribution, manufacture, or copyright notice 1995.
300 ## - PHYSICAL DESCRIPTION
Extent 127 صفحة ؛
Dimensions 24 سم.
336 ## - CONTENT TYPE
Content type term نص
Content type code txt
Source rdacontent
Materials specified كتاب
337 ## - MEDIA TYPE
Media type term بدون وسيط
Media type code n
Source rdamedia
490 0# - SERIES STATEMENT
Series statement كتاب الأثنينية ؛
Volume/sequential designation 3
600 17 - SUBJECT ADDED ENTRY--PERSONAL NAME
Personal name البهاء زهير، زهير بن محمد بن علي،
Dates associated with a name 581-656 هجري
Source of heading or term aucnm
650 #7 - SUBJECT ADDED ENTRY--TOPICAL TERM
Topical term or geographic name entry element الشعراء العرب
Chronological subdivision العصر العباسي الثاني
Form subdivision تراجم
Source of heading or term aucsh
700 1# - ADDED ENTRY--PERSONAL NAME
Personal name جدع، عبد الإله محمد إبراهيم،
Dates associated with a name 1376 هجري-
Relator term مقدم.
942 ## - ADDED ENTRY ELEMENTS (KOHA)
Source of classification or shelving scheme Dewey Decimal Classification
Koha item type Books
Suppress in OPAC No
949 ## - LOCAL PROCESSING INFORMATION (OCLC)
a SA-JeALM
d 250916
u osman123
n 1
Holdings
Withdrawn status Lost status Source of classification or shelving scheme Damaged status Not for loan Home library Current library Date acquired Total checkouts Full call number Barcode Date last seen Price effective from Koha item type
    Dewey Decimal Classification     DR AbdElwahab Library DR AbdElwahab Library 09/18/2025   928.1 ج د ع 000019123 09/18/2025 09/18/2025 Books